Statistiques concernant Culture Générale - Série 1417

Cliquez ici pour prendre le quiz!

Statistiques générales

  • Ce quiz a été pris 128 fois
  • Le résultat moyen est 6 sur 10

Statistiques - réponses

Question Réponse % Correct
La clémentine est un croisement entre une mandarine et une ...orange
95%
Quel est le pays d'origine de l'art du chant appelé : Bel Canto ?Italie
75%
En cuisine, quel prénom masculin féminisé donne-t-on à des légumes coupés en bâtonnets ?Julienne
71%
Quel mot désigne à la fois un insecte, un état mélancolique, une grosse cloche et un "Inconnu" célèbre ?Bourdon
66%
Quel navigateur français fut surnommé : le "découvreur du Canada" ?Jacques Cartier
65%
Sous quel nom connaît-on mieux l'académicienne Marguerite de Crayencour ?Marguerite Yourcenar
64%
Quel chef-lieu de canton du Haut-Rhin a donné son nom à un célèbre fromage très odorant ?Munster
61%
Comment a-t-on baptisé les gamins pauvres de Montmartre, d'après le nom d'un artiste qui les a souvent dessinés ?Poulbot
26%
Depuis quelle année le 1er mai est-il férié en France ?1941
25%
A quelle étendue d'eau le morceau "Smoke on the water" de Deep Purple fait-il allusion ?lac Léman
13%

Distribution des résultats

Percentile par nombre de réponses

% des personnes avec chaque résultat

Votre développement - résultats

Vous n’avez pas pris ce quiz